Presidents de Catalunya (amb foto) - Statistics

General Stats
  • This quiz has been taken 10 times
  • The average score is 9 of 12
Answer Stats
Picture Answer % Correct
Artur Mas i Gavarró
100%
Carles Puigdemont i Casamajó
89%
Joaquim Torra i Pla
89%
Pasqual Maragall i Mira
89%
Pere Aragonès i Garcia
89%
Salvador Illa i Roca
89%
Jordi Pujol i Soley
78%
José Montilla i Aguilera
78%
Lluís Companys i Jover
67%
Francesc Macià i Llussà
56%
Josep Irla i Bosch
44%
Josep Tarradellas i Joan
44%
No matching quizzes found
Score Distribution
Percent of People with Each Score
Percentile by Number Answered
Your Score History
You have not taken this quiz